Statistiques concernant TOEIC vocab

Cliquez ici pour prendre le quiz!

Statistiques générales

  • Ce quiz a été pris 165 fois
  • Le résultat moyen est 14 sur 30

Statistiques - réponses

HintRéponse% Correct
deficitdéficit
89%
budgetbudget
87%
costcoût
87%
inflationinflation
86%
to investinvestir
86%
investmentinvestissement
81%
to consumeconsommer
77%
interest / interest rateintérêt / taux d'intérêt
76%
crashkrash / faillite
74%
currencymonnaie / devise
70%
to appreciateprendre de la valeur / apprécier / être reconnaîssant
70%
cashespèce / liquide
66%
deptdette
62%
depositdépôt / acompte / caution
58%
consumptionconsommation
57%
purchasing powerpouvoir d'achat
54%
bankruptcyfaillite
52%
growth ratetaux de croissance
32%
to growcroître
31%
grantsubvention / bourse
21%
householdménage / foyer
16%
shortagepénurie
13%
scarcityrareté
9%
subsidysubvention
9%
censusrecensement
6%
consummer goodsles biens de consommation
4%
bankruptinsolvable / qui a fait faillite
1%
economyéconomie (d'un pays)
0%
economicsl'économie en général
0%
spurtpoussée soudaine
0%

Distribution des résultats

Percentile par nombre de réponses

% des personnes avec chaque résultat

Votre développement - résultats

Vous n’avez pas pris ce quiz